| 000 | 00737nam a2200181 i 4500 | ||
|---|---|---|---|
| 001 | 32798 | ||
| 003 | ES-MaACL | ||
| 005 | 20251015063048.0 | ||
| 007 | t| | ||
| 008 | 030131s1904 sp ||||1| spa d | ||
| 100 | 1 |
_aBentabol y Ureta, Horacio, _d1854-1928 _927784 |
|
| 245 | 1 | 0 |
_aDivisión sexcentesimal de la circunferencia _b: (seiscientas partes o grados) / _cpor Horacio Bentabol y Ureta. |
| 260 |
_aMadrid : _b[s.n.], _c1904 ( _fImp. de la Gaceta de Madrid) |
||
| 300 |
_a6 p. ; _c24 cm. |
||
| 500 | _a"Publicado en la "Revista de la Real Academia de Ciencias Exactas, Físicas y Naturales de Madrid". Tomo I, nº 3, junio-julio 1904. | ||
| 852 |
_aES-MaACL _jT-1051-F-1 _z.- Ded. ms. del autor |
||
| 999 |
_c32798 _d32798 |
||